[Event "Titled Tuesday intern op 09th Jan Early"]
[Site "Chess.com INT"]
[Date "2024.01.09"]
[Round "7"]
[White "Javakhadze, Zurab"]
[Black "Pakleza, Zbigniew"]
[Result "0-1"]
[WhiteElo "2440"]
[BlackElo "2482"]
[PlyCount "106"]
[EventDate "2024.01.09"]
[EventType "swiss (blitz)"]
[EventRounds "11"]
[EventCountry "USA"]
[SourceTitle "CB03_2024"]
[SourceDate "2024.01.17"]
[SourceVersion "1"]
[SourceVersionDate "2024.01.17"]
[SourceQuality "1"]

1. Nf3 d5 2. g3 Nf6 3. Bg2 Bf5 4. 0-0 e6 5. d3 Be7 6. c4 c6 7. Be3 dxc4 8. dxc4 Qxd1 9. Rxd1 Nbd7 10. Nc3 a5 11. Nd4 Bg6 12. Nxc6 bxc6 13. Bxc6 Rc8 14. Bb5 Bb4 15. Bg5 0-0 16. Bxd7 Nxd7 17. Rxd7 Bxc3 18. bxc3 Rxc4 19. Bd2 Rb8 20. f3 h5 21. Kf2 Rb2 22. e4 f6 23. Ke3 Ra4 24. Ra7 e5 25. Ra8+ Kh7 26. Ra7 Be8 27. h4 Raxa2 28. Rxa2 Rxa2 29. c4 a4 30. Ra8 Ra3+ 31. Kf2 Bf7 32. c5 Bb3 33. c6 Ra2 34. c7 Rxd2+ 35. Ke3 Rc2 36. c8Q Rxc8 37. Rxc8 a3 38. Ra8 a2 39. f4 Kg6 40. Ra6 Kf7 41. Kd3 Ke7 42. Kc3 Be6 43. Kb2 exf4 44. gxf4 g5 45. fxg5 fxg5 46. hxg5 h4 47. Ra8 h3 48. Rh8 Kf7 49. Rh6 Bc4 50. Ka1 Kg7 51. e5 Bf1 52. e6 Bc4 53. Kb2 Kf8 0-1

[Event "Titled Tuesday intern op 19th Dec Early"]
[Site "Chess.com INT"]
[Date "2023.12.19"]
[Round "8"]
[White "Javakhadze, Zurab"]
[Black "Farahat, Ali"]
[Result "0-1"]
[WhiteElo "2440"]
[BlackElo "2327"]
[PlyCount "78"]
[EventDate "2023.12.19"]
[EventType "swiss (blitz)"]
[EventRounds "11"]
[EventCountry "USA"]
[SourceTitle "CB52_2023"]
[SourceDate "2023.12.27"]
[SourceVersion "1"]
[SourceVersionDate "2023.12.27"]
[SourceQuality "1"]

1. d4 d5 2. c4 c6 3. Nc3 Nf6 4. e3 e6 5. Nf3 Nbd7 6. Be2 Be7 7. 0-0 0-0 8. b3 b6 9. Bb2 Bb7 10. Bd3 Re8 11. Rc1 a6 12. Re1 Bf8 13. e4 dxe4 14. Nxe4 Nxe4 15. Rxe4 c5 16. Rg4 Nf6 17. Rh4 g6 18. dxc5 bxc5 19. Ng5 Bg7 20. Qe2 e5 21. Bc2 h5 22. Rh3 e4 23. Rg3 Ng4 24. Bxg7 Qxg5 25. Bb2 Rad8 26. h3 Rd2 27. Qe1 e3 28. fxe3 Rxe3 29. Qxd2 Rxg3 30. Qxg5 Rxg2+ 31. Kf1 Nh2+ 32. Ke1 Rxg5 33. Kf2 Rg2+ 34. Ke3 Rg3+ 35. Kf4 Rxh3 36. Rd1 Rf3+ 37. Kg5 Rg3+ 38. Kf6 Ng4+ 39. Ke7 Re3+ 0-1

[Event "Titled Tuesday intern op 12th Dec Early"]
[Site "Chess.com INT"]
[Date "2023.12.12"]
[Round "4"]
[White "Javakhadze, Zurab"]
[Black "Monpeurt, Cyrielle"]
[Result "1-0"]
[WhiteElo "2440"]
[BlackElo "2187"]
[PlyCount "99"]
[EventDate "2023.12.12"]
[EventType "swiss (blitz)"]
[EventRounds "11"]
[EventCountry "USA"]
[SourceTitle "CB51_2023"]
[SourceDate "2023.12.20"]
[SourceVersion "1"]
[SourceVersionDate "2023.12.20"]
[SourceQuality "1"]

1. d4 Nf6 2. c4 c5 3. d5 e6 4. Nc3 exd5 5. cxd5 d6 6. Nf3 g6 7. e4 Bg7 8. Nd2 Nbd7 9. Be2 0-0 10. 0-0 a6 11. a4 Re8 12. Re1 g5 13. Ra3 Ne5 14. Nf1 Rb8 15. Bxg5 h6 16. Bc1 Bd7 17. a5 b5 18. axb6 Qxb6 19. Ng3 Bb5 20. Nf5 Bxe2 21. Qxe2 c4 22. Na4 Qb4 23. Rg3 Ng6 24. Nc3 h5 25. h4 Ng4 26. f3 Qc5+ 27. Kh1 Nf2+ 28. Kh2 Be5 29. Be3 Bxg3+ 30. Nxg3 Qb4 31. Qxf2 Qxb2 32. Qxb2 Rxb2 33. Nxh5 Nxh4 34. Nf6+ Kf8 35. Nxe8 Nxg2 36. Re2 Rxe2 37. Nxe2 Nxe3 38. Nxd6 c3 39. Nc1 c2 40. Kg3 Ke7 41. Nb7 Nc4 42. Kf2 a5 43. Nc5 Kd6 44. Na4 Ke5 45. Ke2 Kd4 46. Nb3+ Ke5 47. Kd3 Na3 48. Nc1 Kf4 49. d6 Nb5 50. d7 1-0

[Event "Titled Tuesday intern op 12th Dec Early"]
[Site "Chess.com INT"]
[Date "2023.12.12"]
[Round "1"]
[White "Liu, Casper Yukun"]
[Black "Javakhadze, Zurab"]
[Result "1-0"]
[WhiteElo "2270"]
[BlackElo "2440"]
[PlyCount "71"]
[EventDate "2023.12.12"]
[EventType "swiss (blitz)"]
[EventRounds "11"]
[EventCountry "USA"]
[SourceTitle "CB51_2023"]
[SourceDate "2023.12.20"]
[SourceVersion "1"]
[SourceVersionDate "2023.12.20"]
[SourceQuality "1"]

1. f4 d5 2. Nf3 Nf6 3. e3 g6 4. g3 Bg7 5. Bg2 0-0 6. 0-0 c5 7. d3 Nc6 8. Nc3 Re8 9. Ne5 Qd6 10. d4 cxd4 11. exd4 Bf5 12. Be3 Rac8 13. Rc1 h5 14. Qe2 a6 15. Na4 Be4 16. Nc5 Bxg2 17. Kxg2 b6 18. Nxa6 Ne4 19. a3 e6 20. Nxc6 Rxc6 21. Nb4 Rc7 22. Qb5 Rec8 23. c3 f6 24. Rcd1 h4 25. g4 Rc4 26. f5 gxf5 27. gxf5 Rd8 28. Bf4 Qe7 29. Qxb6 exf5 30. Nc6 Rxc6 31. Qxc6 Qf7 32. Kh1 h3 33. Be3 Kh7 34. Rf3 Qh5 35. Rdf1 Qg4 36. Rxh3+ 1-0

[Event "Titled Tuesday intern op 12th Dec Early"]
[Site "Chess.com INT"]
[Date "2023.12.12"]
[Round "3"]
[White "Yaniuk, Volodymyr"]
[Black "Javakhadze, Zurab"]
[Result "1-0"]
[WhiteElo "2223"]
[BlackElo "2440"]
[PlyCount "169"]
[EventDate "2023.12.12"]
[EventType "swiss (blitz)"]
[EventRounds "11"]
[EventCountry "USA"]
[SourceTitle "CB51_2023"]
[SourceDate "2023.12.20"]
[SourceVersion "1"]
[SourceVersionDate "2023.12.20"]
[SourceQuality "1"]

1. d4 Nf6 2. c4 e6 3. Nf3 d5 4. g3 Be7 5. Bg2 0-0 6. 0-0 a5 7. Ne5 c6 8. Nc3 b6 9. e4 Ba6 10. exd5 exd5 11. Re1 Ra7 12. cxd5 cxd5 13. Bg5 Bb7 14. Qb3 Bb4 15. Ng4 Nbd7 16. a3 Bxc3 17. Qxc3 h6 18. Nxf6+ Nxf6 19. Bf4 Ba8 20. Rac1 Ne4 21. Qb3 Re7 22. f3 Nf6 23. Rxe7 Qxe7 24. Qxb6 a4 25. Qb4 Qe2 26. Re1 Qc2 27. Rc1 Qe2 28. Qd2 Qb5 29. Bf1 Qb3 30. Rc3 Qb6 31. Kg2 Re8 32. Be3 Nd7 33. Bf2 Nf8 34. Qc2 Bb7 35. Qxa4 Re6 36. Rb3 Qc7 37. Qa7 Re7 38. Qc5 Qd8 39. Rc3 Ne6 40. Qb4 g5 41. a4 g4 42. fxg4 Ng5 43. Re3 Ne4 44. Be1 Bc8 45. Be2 h5 46. gxh5 Qd7 47. Kg1 Kh7 48. Bd3 Qf5 49. Qd2 Bd7 50. Qe2 Kg8 51. b3 Bc6 52. a5 Bb7 53. b4 Rc7 54. b5 Rc1 55. a6 Ba8 56. b6 Qd7 57. b7 Bxb7 58. axb7 Qxb7 59. Bxe4 dxe4 60. Rxe4 Qb3 61. h6 Kh7 62. Qe3 Qc2 63. Re7 Qf5 64. Kg2 Rc2+ 65. Bf2 Qd5+ 66. Qe4+ Qxe4+ 67. Rxe4 f5 68. Rf4 Kxh6 69. Rxf5 Kg6 70. Rf4 Rd2 71. h4 Kh5 72. Kf3 Kg6 73. Be3 Rd3 74. g4 Ra3 75. Rf5 Kh7 76. d5 Ra4 77. h5 Ra7 78. Re5 Rd7 79. Ke4 Kg8 80. g5 Kh8 81. Bd4 Kh7 82. Re6 Rd8 83. g6+ Kg8 84. h6 Rf8 85. h7# 1-0

[Event "US Masters op"]
[Site "Charlotte"]
[Date "2023.11.24"]
[Round "4"]
[White "Burke, John M"]
[Black "Javakhadze, Zurab"]
[Result "1-0"]
[WhiteElo "2583"]
[BlackElo "2457"]
[PlyCount "61"]
[EventDate "2023.11.22"]
[EventType "swiss"]
[EventRounds "9"]
[EventCountry "USA"]
[SourceTitle "CB48_2023"]
[SourceDate "2023.11.29"]
[SourceVersion "1"]
[SourceVersionDate "2023.11.29"]
[SourceQuality "1"]

1. e4 e5 2. Nf3 Nc6 3. Bb5 a6 4. Ba4 Nf6 5. 0-0 d6 6. Re1 Bd7 7. c3 g6 8. d4 Bg7 9. h3 0-0 10. Bc2 Qe8 11. Nbd2 Nh5 12. Nc4 Kh8 13. Be3 b5 14. Ncd2 f5 15. dxe5 dxe5 16. a4 Rd8 17. axb5 axb5 18. b4 h6 19. Bd3 fxe4 20. Nxe4 Bf5 21. Qe2 g5 22. Ra6 Nb8 23. Ra7 Qc6 24. Nfd2 Nf4 25. Bxf4 exf4 26. Bxb5 Qb6 27. Ra5 Rd5 28. Bd3 Rxa5 29. Nc4 Ra2 30. Qxa2 Qg6 31. Qa5 1-0

[Event "Titled Tuesday intern op 14th Nov Early"]
[Site "Chess.com INT"]
[Date "2023.11.14"]
[Round "8"]
[White "Ashraf, Artin"]
[Black "Javakhadze, Zurab"]
[Result "0-1"]
[WhiteElo "2399"]
[BlackElo "2457"]
[PlyCount "84"]
[EventDate "2023.11.14"]
[EventType "swiss (blitz)"]
[EventRounds "11"]
[EventCountry "USA"]
[SourceTitle "CB47_2023"]
[SourceDate "2023.11.22"]
[SourceVersion "1"]
[SourceVersionDate "2023.11.22"]
[SourceQuality "1"]

1. c4 e6 2. Nf3 d5 3. d4 Nf6 4. Nc3 Nbd7 5. Bf4 dxc4 6. e3 Nd5 7. Bg5 f6 8. Bh4 Bb4 9. Qc2 b5 10. a4 c6 11. axb5 cxb5 12. Be2 Bb7 13. 0-0 a6 14. Bg3 0-0 15. e4 N5b6 16. Rfd1 Qe7 17. e5 f5 18. Bh4 Qf7 19. Ng5 Qg6 20. Bf3 Bxf3 21. Nxf3 Bxc3 22. Qxc3 Nd5 23. Qa5 h6 24. h3 f4 25. Qa3 Qf7 26. Qd6 N7b6 27. Ra5 Ra7 28. Rda1 Rd7 29. Qc6 Rc8 30. Qxc8+ Nxc8 31. Rxa6 g5 32. Bxg5 hxg5 33. Nxg5 Qe7 34. Nxe6 Ra7 35. Nc5 Rxa6 36. Rxa6 f3 37. g3 Ncb6 38. Ra5 b4 39. Ne4 c3 40. bxc3 bxc3 41. Rc5 Qh7 42. Rc8+ Nxc8 0-1

[Event "Titled Tuesday intern op 14th Nov Early"]
[Site "Chess.com INT"]
[Date "2023.11.14"]
[Round "6"]
[White "Bharath, Subramaniyam H"]
[Black "Javakhadze, Zurab"]
[Result "1-0"]
[WhiteElo "2504"]
[BlackElo "2457"]
[PlyCount "65"]
[EventDate "2023.11.14"]
[EventType "swiss (blitz)"]
[EventRounds "11"]
[EventCountry "USA"]
[SourceTitle "CB47_2023"]
[SourceDate "2023.11.22"]
[SourceVersion "1"]
[SourceVersionDate "2023.11.22"]
[SourceQuality "1"]

1. e4 c5 2. Nf3 d6 3. d4 cxd4 4. Nxd4 Nf6 5. Nc3 g6 6. Be2 Bg7 7. Be3 a6 8. a4 Nc6 9. 0-0 0-0 10. Nb3 Be6 11. f3 Bxb3 12. cxb3 Nb4 13. a5 Nd7 14. Ra4 Nc6 15. b4 Rc8 16. Qd2 Nce5 17. b5 axb5 18. Nxb5 Nc5 19. Ra3 Na6 20. Bb6 Qd7 21. Na7 Nc4 22. Bxc4 Rxc4 23. Rc1 Rxc1+ 24. Qxc1 d5 25. Rd3 e6 26. Qd2 d4 27. b4 Qa4 28. b5 Nb4 29. Qd1 Qa2 30. Rd2 Qa3 31. Qb1 d3 32. Bc5 Bc3 33. Rxd3 1-0

[Event "Titled Tuesday intern op 14th Nov Early"]
[Site "Chess.com INT"]
[Date "2023.11.14"]
[Round "5"]
[White "Javakhadze, Zurab"]
[Black "Mazurkiewicz, Michal"]
[Result "1-0"]
[WhiteElo "2457"]
[BlackElo "2145"]
[PlyCount "59"]
[EventDate "2023.11.14"]
[EventType "swiss (blitz)"]
[EventRounds "11"]
[EventCountry "USA"]
[SourceTitle "CB47_2023"]
[SourceDate "2023.11.22"]
[SourceVersion "1"]
[SourceVersionDate "2023.11.22"]
[SourceQuality "1"]

1. Nf3 Nf6 2. c4 g6 3. Nc3 Bg7 4. e4 d6 5. d4 0-0 6. Be2 e5 7. Be3 Nc6 8. 0-0 Ng4 9. Bg5 f6 10. Bc1 f5 11. dxe5 Ngxe5 12. exf5 Bxf5 13. Nxe5 Nxe5 14. Qd5+ Kh8 15. Qxb7 Qh4 16. Qd5 Rae8 17. c5 dxc5 18. Qxc5 Nd3 19. Bxd3 Bd4 20. Bg5 Bxc5 21. Bxh4 Bxd3 22. Rfd1 Ba6 23. Rac1 Rf5 24. Nd5 Bd6 25. Nxc7 Bxc7 26. Rxc7 Rd5 27. Rcc1 Rxd1+ 28. Rxd1 Re2 29. f3 Rxb2 30. Bf6+ 1-0

[Event "Titled Tuesday intern op 14th Nov Early"]
[Site "Chess.com INT"]
[Date "2023.11.14"]
[Round "9"]
[White "Javakhadze, Zurab"]
[Black "Muradli, Mahammad"]
[Result "1-0"]
[WhiteElo "2457"]
[BlackElo "2550"]
[PlyCount "89"]
[EventDate "2023.11.14"]
[EventType "swiss (blitz)"]
[EventRounds "11"]
[EventCountry "USA"]
[SourceTitle "CB47_2023"]
[SourceDate "2023.11.22"]
[SourceVersion "1"]
[SourceVersionDate "2023.11.22"]
[SourceQuality "1"]

1. Nf3 g6 2. g3 Bg7 3. Bg2 Nf6 4. 0-0 0-0 5. d4 d5 6. c4 c6 7. a4 dxc4 8. Na3 Be6 9. Ng5 Bf5 10. Nxc4 Na6 11. e4 Bg4 12. f3 Bc8 13. Be3 Nb4 14. Qb3 a5 15. Rfd1 Nd7 16. Nh3 Nb6 17. Nf4 Nxc4 18. Qxc4 b6 19. Rac1 Ba6 20. Qb3 Rc8 21. Bh3 Rc7 22. d5 Qb8 23. dxc6 Rxc6 24. Rxc6 Nxc6 25. Nd5 e6 26. Nxb6 Ne5 27. f4 Nc4 28. Bf2 Qb7 29. Bf1 Nxb2 30. Rd7 Qxe4 31. Bxa6 h5 32. h4 Re8 33. Rd2 Qb1+ 34. Kh2 Qc1 35. Rc2 Qb1 36. Nc4 Rd8 37. Nxb2 Rd1 38. Bb7 Rc1 39. Rxc1 Qxc1 40. Nd3 Qd2 41. Bg2 Bc3 42. Qc4 Bg7 43. Bd4 Bf8 44. Ne5 Bg7 45. Bc3 1-0

[Event "Titled Tuesday intern op 14th Nov Early"]
[Site "Chess.com INT"]
[Date "2023.11.14"]
[Round "10"]
[White "Javakhadze, Zurab"]
[Black "Oparin, Grigoriy"]
[Result "1/2-1/2"]
[WhiteElo "2457"]
[BlackElo "2667"]
[PlyCount "136"]
[EventDate "2023.11.14"]
[EventType "swiss (blitz)"]
[EventRounds "11"]
[EventCountry "USA"]
[SourceTitle "CB47_2023"]
[SourceDate "2023.11.22"]
[SourceVersion "1"]
[SourceVersionDate "2023.11.22"]
[SourceQuality "1"]

1. Nf3 Nf6 2. g3 b6 3. Bg2 Bb7 4. 0-0 c5 5. c4 g6 6. b3 Bg7 7. Bb2 0-0 8. e3 e6 9. d4 Qe7 10. Nc3 d6 11. Qc2 Nc6 12. Rad1 Rac8 13. a3 Rfd8 14. d5 exd5 15. cxd5 Nb4 16. axb4 cxb4 17. Qd3 bxc3 18. Bxc3 Nxd5 19. Bxg7 Kxg7 20. Nd4 Nb4 21. Qb5 Bxg2 22. Kxg2 d5 23. Rc1 Qe4+ 24. Kg1 Nd3 25. Rxc8 Rxc8 26. Qd7 Rc1 27. Rxc1 Nxc1 28. Qxa7 Nxb3 29. Qxb6 Nxd4 30. Qxd4+ Qxd4 31. exd4 Kf6 32. Kg2 Ke6 33. Kf3 Kd6 34. Kf4 f6 35. h4 Kc6 36. g4 Kd6 37. Ke3 Kd7 38. Kf4 Ke6 39. Ke3 Kd6 40. Kf4 Kd7 41. Ke3 h6 42. Kf4 Kd6 43. g5 fxg5+ 44. hxg5 h5 45. Ke3 Ke7 46. Kf3 Kd7 47. Kg3 Kd6 48. Kf3 Kc6 49. Kg3 Kd7 50. Kf3 Ke6 51. Kf4 h4 52. Kg4 h3 53. Kxh3 Kf5 54. Kh4 Kf4 55. Kh3 Kf3 56. Kh4 Kf4 57. Kh3 Ke4 58. Kg4 Kxd4 59. f4 Ke4 60. f5 d4 61. fxg6 d3 62. g7 d2 63. g8Q d1Q+ 64. Kh4 Qh1+ 65. Kg3 Qf3+ 66. Kh4 Qh1+ 67. Kg3 Qf3+ 68. Kh4 Qh1+ 1/2-1/2

[Event "Titled Tuesday intern op 14th Nov Early"]
[Site "Chess.com INT"]
[Date "2023.11.14"]
[Round "7"]
[White "Javakhadze, Zurab"]
[Black "Toktomushev, Teimur"]
[Result "1-0"]
[WhiteElo "2457"]
[BlackElo "2249"]
[PlyCount "73"]
[EventDate "2023.11.14"]
[EventType "swiss (blitz)"]
[EventRounds "11"]
[EventCountry "USA"]
[SourceTitle "CB47_2023"]
[SourceDate "2023.11.22"]
[SourceVersion "1"]
[SourceVersionDate "2023.11.22"]
[SourceQuality "1"]

1. Nf3 d5 2. g3 Nf6 3. Bg2 e6 4. 0-0 Be7 5. c4 0-0 6. b3 b6 7. Bb2 Bb7 8. e3 c5 9. Nc3 dxc4 10. bxc4 Nc6 11. Qe2 Qc7 12. Rad1 Rfd8 13. Ne1 a6 14. f4 Na7 15. g4 b5 16. g5 Ne8 17. f5 exf5 18. Rxf5 Nd6 19. Nd5 Bxd5 20. Rxd5 Nxc4 21. Bc3 Rxd5 22. Bxd5 Rd8 23. Bxc4 bxc4 24. Nf3 Nb5 25. Qxc4 Nxc3 26. Qxc3 Qc6 27. Rf1 Qd5 28. h4 Bd6 29. Kf2 Qxa2 30. Ra1 Qd5 31. Rxa6 Bf8 32. Ra7 Qf5 33. Ra4 h6 34. Rf4 Qe6 35. gxh6 Qxh6 36. Ng5 f6 37. Qc4+ 1-0

[Event "Titled Tuesday intern op 26th Sep Early"]
[Site "Chess.com INT"]
[Date "2023.09.26"]
[Round "11"]
[White "Javakhadze, Zurab"]
[Black "Arat, Ufuk Sezen"]
[Result "0-1"]
[WhiteElo "2457"]
[BlackElo "2381"]
[PlyCount "226"]
[EventDate "2023.09.26"]
[EventType "swiss (blitz)"]
[EventRounds "11"]
[EventCountry "USA"]
[SourceTitle "EXT 2024"]
[Source "ChessBase"]
[SourceDate "2023.10.10"]
[SourceVersion "1"]
[SourceVersionDate "2023.10.10"]
[SourceQuality "1"]

1. Nf3 d5 2. g3 Bg4 3. Bg2 Nd7 4. 0-0 e6 5. d3 Ngf6 6. Nbd2 Bc5 7. e4 dxe4 8. dxe4 e5 9. h3 Bxf3 10. Nxf3 0-0 11. Nh4 Re8 12. Nf5 g6 13. Nh6+ Kg7 14. Kh2 Nf8 15. Qe2 Ne6 16. c3 Qe7 17. h4 Rad8 18. Bh3 Bb6 19. Kg2 Nc5 20. f3 Nd3 21. Bg5 Qc5 22. Rad1 Qb5 23. Rd2 Rd6 24. Rfd1 Red8 25. Kh2 Nf4 26. gxf4 Qxe2+ 27. Rxe2 Rxd1 28. fxe5 Nh5 29. Bg4 R8d3 30. Bxh5 gxh5 31. Nf5+ Kf8 32. Kg2 Rb1 33. Ng3 Rdd1 34. Nxh5 Rg1+ 35. Kh3 Rh1+ 36. Kg4 Rbg1+ 37. Kf5 h6 38. Bxh6+ Ke7 39. Bg5+ Kd7 40. Rd2+ Kc6 41. e6 fxe6+ 42. Kxe6 Rf1 43. f4 Re1 44. e5 Be3 45. Rd3 Rhf1 46. Nf6 Bxf4 47. Nd7 Bxg5 48. hxg5 Rg1 49. Kf6 Ref1+ 50. Kg6 Rf4 51. Nb8+ Kb6 52. Nd7+ Kc6 53. Nf6 Re1 54. Rd5 Rf2 55. Ra5 Rfe2 56. Rxa7 Rxe5 57. Kh6 Rh1+ 58. Kg6 Rg1 59. Nh7 Re6+ 60. Kf7 Rd6 61. Ra4 Rd7+ 62. Kg6 Rd6+ 63. Nf6 Rd2 64. Rc4+ Kb6 65. Rb4+ Kc6 66. Kf5 Rf1+ 67. Ke6 Rg2 68. Ne4 Re1 69. Kf5 Rf1+ 70. Ke5 Re1 71. Kf4 Rf1+ 72. Ke3 Re1+ 73. Kf3 Rgg1 74. a4 Ref1+ 75. Ke3 Rf5 76. Rc4+ Kb6 77. Rb4+ Kc6 78. Rd4 b6 79. b4 Kb7 80. Kd3 Rf3+ 81. Kc4 Rg4 82. a5 bxa5 83. bxa5 Rff4 84. Kd5 Ka6 85. Kc6 Kxa5 86. Rd5+ Ka4 87. Nc5+ Ka3 88. Kxc7 Rc4 89. Kd6 Rxc3 90. Ne6 Rgg3 91. Ke5 Rcd3 92. Ra5+ Kb4 93. Ra8 Rde3+ 94. Kf6 Rxe6+ 95. Kxe6 Rxg5 96. Kf6 Rb5 97. Re8 Kc5 98. Kf7 Kb4 99. Re5 Rxe5 100. Kf6 Rb5 101. Ke6 Kc4 102. Kd6 Rc5 103. Ke6 Kd4 104. Kf6 Rd5 105. Kg6 Re5 106. Kh6 Ke4 107. Kh7 Re6 108. Kh8 Re7 109. Kg8 Kf5 110. Kf8 Kf6 111. Kg8 Rf7 112. Kh8 Kg6 113. Kg8 Rf6 0-1

[Event "Titled Tuesday intern op 26th Sep Early"]
[Site "Chess.com INT"]
[Date "2023.09.26"]
[Round "1"]
[White "Javakhadze, Zurab"]
[Black "Herman, Daniel"]
[Result "1-0"]
[WhiteElo "2457"]
[BlackElo "1927"]
[PlyCount "72"]
[EventDate "2023.09.26"]
[EventType "swiss (blitz)"]
[EventRounds "11"]
[EventCountry "USA"]
[SourceTitle "EXT 2024"]
[Source "ChessBase"]
[SourceDate "2023.10.10"]
[SourceVersion "1"]
[SourceVersionDate "2023.10.10"]
[SourceQuality "1"]

1. Nf3 g6 2. d4 Bg7 3. e4 d6 4. c3 Nf6 5. Bd3 0-0 6. 0-0 e5 7. Nbd2 Nc6 8. h3 Nd7 9. dxe5 Ndxe5 10. Bc2 Be6 11. Nd4 Bd7 12. f4 Nxd4 13. cxd4 Nc6 14. Nf3 d5 15. e5 Ne7 16. Be3 Bf5 17. Bf2 c6 18. Bh4 Be4 19. Qe2 Bxc2 20. Qxc2 Qd7 21. Bxe7 Qxe7 22. f5 gxf5 23. Qxf5 Qe6 24. Qf4 Bh6 25. Qh4 Kh8 26. Nh2 Rg8 27. Rf6 Bg5 28. Rxe6 Bxh4 29. Rd6 Bg5 30. Nf3 Be3+ 31. Kf1 Rg6 32. Rd7 Rag8 33. g4 f6 34. Re1 Bf4 35. e6 f5 36. e7 fxg4 1-0

[Event "Titled Tuesday intern op 12th Sep Early"]
[Site "Chess.com INT"]
[Date "2023.09.12"]
[Round "3"]
[White "Javakhadze, Zurab"]
[Black "Castella Garcia, Fausto"]
[Result "0-1"]
[WhiteElo "2457"]
[BlackElo "2320"]
[PlyCount "140"]
[EventDate "2023.09.12"]
[EventType "swiss (blitz)"]
[EventRounds "11"]
[EventCountry "USA"]
[SourceTitle "EXT 2024"]
[Source "ChessBase"]
[SourceDate "2023.10.10"]
[SourceVersion "1"]
[SourceVersionDate "2023.10.10"]
[SourceQuality "1"]

1. Nf3 c5 2. c3 g6 3. d4 cxd4 4. cxd4 Bg7 5. Nc3 d5 6. Bf4 Nf6 7. e3 0-0 8. Bd3 Bf5 9. Bxf5 gxf5 10. 0-0 e6 11. Ne5 Nbd7 12. Nd3 a6 13. Rc1 Rc8 14. Qb3 Qb6 15. Qxb6 Nxb6 16. Nc5 Nc4 17. b3 Nd2 18. Rfd1 Nde4 19. N3a4 b5 20. Nb6 Rc6 21. Nxe4 Rxb6 22. Bc7 Rb7 23. Nd6 Ra7 24. Rc6 Ne4 25. f3 Rxc7 26. Rxc7 Nxd6 27. Rc6 Rd8 28. Rxa6 f4 29. exf4 Nf5 30. a4 b4 31. Kf2 Bxd4+ 32. Ke2 Bc3 33. Kd3 Rc8 34. Rc1 Kg7 35. a5 Kf6 36. Rb6 Ra8 37. a6 Nd4 38. Rxc3 bxc3 39. Kxd4 c2 40. Rc6 Rxa6 41. Rxc2 Ra1 42. Rb2 Ke7 43. b4 Kd6 44. b5 Rd1+ 45. Ke3 Kc7 46. Rc2+ Kb7 47. Rc6 Rb1 48. Rd6 Kc7 49. Rc6+ Kb7 50. Kd4 Rxb5 51. Rc2 Rb1 52. Ke5 Rh1 53. g3 Rf1 54. Kf6 Rxf3 55. Re2 d4 56. Kxf7 d3 57. Rd2 e5 58. Kg7 e4 59. Rd1 Kc6 60. Kxh7 Kd5 61. Kg6 Kd4 62. f5 e3 63. f6 e2 64. Re1 d2 65. Rxe2 d1Q 66. Re8 Qd3+ 67. Kg7 Qf5 68. Rd8+ Kc5 69. Rf8 Qg5+ 70. Kh7 Rxf6 0-1